00555 2200205 4500001002100000005001500021035002000036007000300056008004100059082001000100084001600110100001700126245005700143250001100200260004800211300004100259650001600300700001600316700001700332INLIS00000000000098020210716090128 a0010-0721000018ta210716 g 1 ind  a895.7 a895.7 YOO p0 aYoo Daeyoung1 aPenguasa Dunia Maya :bSains Terkini /cYoo Daeyoung acet. 1 aJakarta :bPT Gramedia Pustaka Utama,c2019 aviii + 142 :bIlus. ;c18 cm X 24 cm aKomik Korea0 aChoi Woobin0 aLee Shin-mok